Statistiques concernant Les films de Steven Spielberg

Cliquez ici pour prendre le quiz!

Statistiques générales

  • Ce quiz a été pris 208 fois
    (122 depuis la dernière actualisation)
  • Le résultat moyen est 14 sur 36

Statistiques - réponses

AnnéeFilm% Correct
1982E.T., l'extra-terrestre
91%
1993Jurassic Park
89%
1975Les Dents de la mer
73%
1981Indiana Jones : Les Aventuriers de l'arche perdue
71%
1993La Liste de Schindler
63%
1997Jurassic Park : Le Monde Perdu
59%
2018Ready Player One
58%
1984Indiana Jones et le Temple maudit
48%
2022The Fabelmans
48%
1989Indiana Jones et la Dernière Croisade
47%
1971Duel
46%
1998Il faut sauver le soldat Ryan
46%
2011Les Aventures de Tintin : Le Secret de La Licorne
43%
2002Arrête-moi si tu peux
41%
2008Indiana Jones et le Royaume du crâne de cristal
41%
2002Minority Report
38%
2021West Side Story
34%
1991Hook ou la Revanche du capitaine Crochet
33%
2016Le Bon Gros Géant
32%
2004Le Terminal
32%
1977Rencontres du troisième type
32%
1985La Couleur Pourpre
31%
2011Cheval de guerre
29%
2005La Guerre des mondes
29%
2005Munich
29%
2015Le Pont des Espions
27%
2012Lincoln
27%
2017Pentagon Papers
26%
19791941
24%
1997Amistad
22%
2001A.I. Intelligence artificielle
21%
1987Empire du Soleil
21%
1989Always
20%
1974Sugarland Express
20%
1983La Quatrième Dimension
13%
1964Firelight
6%

Distribution des résultats

Percentile par nombre de réponses

% des personnes avec chaque résultat

Votre développement - résultats

Vous n’avez pas pris ce quiz depuis la dernière actualisation